000 00676nam a2200217Ia 4500
005 20250508162648.0
008 008 250505s9999 xx 000 0 eng d
020 _a0-444-99633-8
037 _aTextual
040 _aFEDL
_beng
_cFEDL
041 _aeng
_2eng
084 _a501, URS
_qFEDL
100 _aUrsal Arkadiy Dmitriyevich Ed.
_9773732
245 0 _aIntergration of science and the systems approach
260 _aAmsterdam, USA
_bElsevier Publishing Company
_c1984
300 _a257p
490 _aCzechoslovak academy of sciences
700 _a Javurek Zdenek Ed. Zeman Jiri Ed.
_9773733
942 _cTEXL
_h501, URS
999 _c1377908
_d1377908